000 00400nam a22001457a 4500
020 _a1-900131-91-9
082 _a158.12
_bFON/LEA
100 _aFONTANA, DAVID
245 _aLEARN TO MEDITATE
260 _aLONDON
_bDUNCAN BAIRD PUBLISHERS
_c1998
300 _a159
520 _aFIND DEEP RELAXATION, RELIEVE STRESS AND ANXIETY, ENHANCE CREATIVITY
650 _aHEALTH AND FITNESS
_zINDIA
942 _cBK
999 _c5477
_d5477